An outline of psychoanalysis. (Record no. 219493)
[ view plain ]
| 000 -LEADER | |
|---|---|
| fixed length control field | 01036cam a22002651 4500 |
| 001 - CONTROL NUMBER | |
| control field | 3109763 |
| 003 - CONTROL NUMBER IDENTIFIER | |
| control field | Nust |
| 005 - DATE AND TIME OF LATEST TRANSACTION | |
| control field | 20170210104614.0 |
| 008 - FIXED-LENGTH DATA ELEMENTS--GENERAL INFORMATION | |
| fixed length control field | 731030s1949 nyu 000 0 eng |
| 010 ## - LIBRARY OF CONGRESS CONTROL NUMBER | |
| LC control number | 49007946 |
| 020 ## - INTERNATIONAL STANDARD BOOK NUMBER | |
| International Standard Book Number | 9780141184043 |
| 040 ## - CATALOGING SOURCE | |
| Original cataloging agency | DLC |
| Transcribing agency | DLC |
| Modifying agency | DLC |
| 041 1# - LANGUAGE CODE | |
| Language code of text/sound track or separate title | eng |
| Language code of original | ger |
| 050 00 - LIBRARY OF CONGRESS CALL NUMBER | |
| Classification number | BF173 |
| Item number | .F629 |
| 082 00 - DEWEY DECIMAL CLASSIFICATION NUMBER | |
| Classification number | 131.3462 |
| Author Mark | FRE |
| 100 1# - MAIN ENTRY--PERSONAL NAME | |
| Personal name | Freud, Sigmund, |
| Dates associated with a name | 1856-1939. |
| 240 10 - UNIFORM TITLE | |
| Uniform title | Abriss der Psychoanalyse. |
| Language of a work | English |
| 245 03 - TITLE STATEMENT | |
| Title | An outline of psychoanalysis. |
| Statement of responsibility, etc. | Authorized translation by James Strachey. |
| 250 ## - EDITION STATEMENT | |
| Edition statement | [1st ed.] |
| 260 ## - PUBLICATION, DISTRIBUTION, ETC. | |
| Place of publication, distribution, etc. | New York, |
| Name of publisher, distributor, etc. | W. W. Norton |
| Date of publication, distribution, etc. | 1949 |
| 300 ## - PHYSICAL DESCRIPTION | |
| Extent | 235 p. |
| Dimensions | 20 cm. |
| 500 ## - GENERAL NOTE | |
| General note | "First published in German in the Internationale Zeitschrift für Psycho-analyse und Imago, xxv (1940) ... An English translation appeared in the International journal of psycho-analysis, xxi (1940) and is now reprinted with considerable revisions." |
| 650 #0 - SUBJECT ADDED ENTRY--TOPICAL TERM | |
| Topical term or geographic name entry element | Psychoanalysis. |
| 700 1# - ADDED ENTRY--PERSONAL NAME | |
| Personal name | Strachey, James, |
| Relator term | tr. |
| 906 ## - LOCAL DATA ELEMENT F, LDF (RLIN) | |
| a | 7 |
| b | cbc |
| c | orignew |
| d | u |
| e | ocip |
| f | 19 |
| g | y-gencatlg |
| 942 ## - ADDED ENTRY ELEMENTS (KOHA) | |
| Source of classification or shelving scheme | |
| Koha item type | Book |
| Withdrawn status | Lost status | Source of classification or shelving scheme | Damaged status | Not for loan | Collection code | Permanent Location | Current Location | Shelving location | Date acquired | Total Checkouts | Total Renewals | Full call number | Barcode | Checked out | Date last seen | Date last checked out | Copy number | Price effective from | Koha item type |
|---|---|---|---|---|---|---|---|---|---|---|---|---|---|---|---|---|---|---|---|
| Central Library (CL) | Central Library (CL) | Book Cart | 02/10/2017 | 8 | 3 | 131.3462 FRE | CL871 | 07/11/2026 | 03/13/2026 | 03/13/2026 | 1 | 02/10/2017 | Book |
